000 00376nam a2200157Ia 4500
008 221030s9999 xx 000 0 und d
020 _a8175152125
041 _aEnglish
082 _a105.23
_bRos
100 _aG. Rose
245 0 _aHand book of Electronics Formulas
_cby G. Rose
260 _bGalgotia Pub
_aNew Delhi
_c1998
300 _a422
650 _aECE
942 _cBK
999 _c8227
_d8227